The epistles of Paul to the Ephesians: (Record no. 17053)

000 -LEADER
fixed length control field 00700nam a2200193 a 4500
001 - CONTROL NUMBER
control field :::00020715$&:&@@
003 - CONTROL NUMBER IDENTIFIER
control field OkBaRHE
005 - DATE AND TIME OF LATEST TRANSACTION
control field 20030404160025.0
008 - FIXED-LENGTH DATA ELEMENTS--GENERAL INFORMATION
fixed length control field s1981 j 000 0 eng u
040 ## - CATALOGING SOURCE
Transcribing agency
100 1# - MAIN ENTRY--PERSONAL NAME
Personal name Foulkes, Francis.
245 14 - TITLE STATEMENT
Title The epistles of Paul to the Ephesians:
Remainder of title an introduction and commentary.
260 ## - PUBLICATION, DISTRIBUTION, ETC. (IMPRINT)
Place of publication, distribution, etc Grand Rapids, MI., :
Name of publisher, distributor, etc Wm. B. Eerdmans Publishing Company
Date of publication, distribution, etc 1981
300 ## - PHYSICAL DESCRIPTION
Extent 182 p. ;
Dimensions : 20 cm.
490 0# - SERIES STATEMENT
Series statement The Tyndale New Testament commentaries, v. 10.
650 ## - SUBJECT ADDED ENTRY--TOPICAL TERM
Topical term or geographic name as entry element Bible New Testament Ephesians
General subdivision Commentaries
942 ## - ADDED ENTRY ELEMENTS (KOHA)
Source of classification or shelving scheme
Koha item type Books
Copies
Copy number Total Renewals Date acquired Damaged status Date checked out Withdrawn status Current Location Price effective from Barcode Total Checkouts Shelving location Koha item type Permanent Location Not for loan Source of classification or shelving scheme Full call number Lost status Date last seen
122010-04-14 2015-09-29 RHEMA Bible Training College2010-04-14207152General StacksBooksRHEMA Bible Training College  BS 2695.3 .F66 2018-04-03